[Event "XXXIX Benasque Open 2019"]
[Site "Benasque"]
[Date "2019.07.07"]
[Round "4.6"]
[White "Cruz, Cristhian"]
[Black "Gines Esteo, Pedro Antonio"]
[Result "1/2-1/2"]
[WhiteElo "2562"]
[BlackElo "2404"]
[Annotator "ChessBase"]
[PlyCount "59"]
[EventDate "2019.07.04"]
[EventType "swiss"]
[EventCountry "ESP"]
[SourceTitle "playchess.com"]
[Source "ChessBase"]
[SourceQuality "1"]
[TimeControl "5400+30"]

1. e4 {[%emt 0:00:00]} c6 {[%emt 0:03:55]} 2. d4 {[%emt 0:00:20]} d5 {[%emt 0:00:06]} 3. exd5 {[%emt 0:00:30]} cxd5 {[%emt 0:00:07]} 4. c4 {[%emt 0:00:06]} Nf6 {[%emt 0:01:01]} 5. Nc3 {[%emt 0:00:10]} Nc6 {[%emt 0:00:13]} 6. Bg5 {[%emt 0:00:47]} Be6 {[%emt 0:03:13]} 7. Rc1 {[%emt 0:08:35]} Qa5 {[%emt 0:04:33]} 8. c5 {[%emt 0:13:47]} Ne4 {[%emt 0:00:22]} 9. Bd2 {[%emt 0:01:06]} Nxd2 {[%emt 0:03:36]} 10. Qxd2 {[%emt 0:00:05]} g6 {[%emt 0:00:55]} 11. Bb5 {[%emt 0:05:00]} h5 {[%emt 0:08:36]} 12. f4 {[%emt 0:03:37]} Bg7 {[%emt 0:11:17]} 13. Nf3 {[%emt 0:00:36]} O-O {[%emt 0:00:27]} 14. O-O {[%emt 0:00:34]} Qc7 {[%emt 0:01:59]} 15. Rfe1 {[%emt 0:08:19]} Rad8 {[%emt 0:04:42]} 16. Rxe6 {[%emt 0:11:05]} fxe6 {[%emt 0:00:06]} 17. g3 {[%emt 0:00:12]} e5 {[%emt 0:22:56]} 18. dxe5 {[%emt 0:06:23]} Nxe5 {[%emt 0:00:21]} 19. Nxe5 {[%emt 0:00:22]} Qxc5+ {[%emt 0:00:17]} 20. Kh1 {[%emt 0:08:33]} Bxe5 {[%emt 0:00:32]} 21. fxe5 {[%emt 0:00:08]} d4 {[%emt 0:00:13]} 22. Qh6 {[%emt 0:01:00]} dxc3 {[%emt 0:00:14]} 23. Qxg6+ {[%emt 0:00:10]} Kh8 {[%emt 0:00:04]} 24. Qxh5+ {[%emt 0:01:47]} Kg7 {[%emt 0:00:44]} 25. Qg4+ {[%emt 0:02:00]} Kh8 {[%emt 0:00:52]} 26. Qh4+ {[%emt 0:02:27]} Kg7 {[%emt 0:01:13]} 27. Qg5+ {[%emt 0:00:24]} Kh7 {[%emt 0:02:58]} 28. Qh5+ {[%emt 0:00:37]} Kg7 {[%emt 0:00:11]} 29. Qg5+ {[%emt 0:00:21]} Kh7 {[%emt 0:00:09]} 30. Qh5+ {[%emt 0:00:05]} 1/2-1/2

[Event "XXXIX Benasque Open 2019"]
[Site "Benasque"]
[Date "2019.07.07"]
[Round "4.7"]
[White "Lopez Mulet, Inigo"]
[Black "Vazquez Igarza, Renier"]
[Result "1/2-1/2"]
[WhiteElo "2378"]
[BlackElo "2558"]
[Annotator "ChessBase"]
[PlyCount "57"]
[EventDate "2019.07.04"]
[EventType "swiss"]
[EventCountry "ESP"]
[SourceTitle "playchess.com"]
[Source "ChessBase"]
[SourceQuality "1"]
[TimeControl "5400+30"]

1. d4 {[%emt 0:00:00]} e6 {[%emt 0:02:09]} 2. c4 {[%emt 0:02:01]} Bb4+ {[%emt 0:00:26]} 3. Bd2 {[%emt 0:00:40]} a5 {[%emt 0:00:19]} 4. g3 {[%emt 0:01:44]} Nf6 {[%emt 0:00:54]} 5. Bg2 {[%emt 0:00:26]} d6 {[%emt 0:00:56]} 6. e4 {[%emt 0:01:25]} e5 {[%emt 0:01:06]} 7. Ne2 {[%emt 0:01:07]} O-O {[%emt 0:03:23]} 8. O-O {[%emt 0:08:14]} Re8 {[%emt 0:05:46]} 9. Re1 {[%emt 0:01:53]} Nbd7 {[%emt 0:03:28]} 10. a3 {[%emt 0:08:25]} Bxd2 {[%emt 0:01:08]} 11. Nxd2 {[%emt 0:00:12]} a4 {[%emt 0:01:42]} 12. Qc2 {[%emt 0:00:46]} exd4 {[%emt 0:02:04]} 13. Nxd4 {[%emt 0:00:07]} Nc5 {[%emt 0:00:08]} 14. h3 {[%emt 0:00:46]} Bd7 {[%emt 0:08:51]} 15. f4 {[%emt 0:03:24]} c6 {[%emt 0:02:38]} 16. Kh2 {[%emt 0:01:18]} h6 {[%emt 0:02:23]} 17. Re2 {[%emt 0:02:52]} Qb6 {[%emt 0:00:57]} 18. Rae1 {[%emt 0:02:28]} Re7 {[%emt 0:00:57]} 19. Qc3 {[%emt 0:10:40]} Rae8 {[%emt 0:00:38]} 20. Re3 {[%emt 0:01:17]} h5 {[%emt 0:03:22]} 21. Bf3 {[%emt 0:04:47]} Qc7 {[%emt 0:00:43]} 22. e5 {[%emt 0:08:18]} dxe5 {[%emt 0:00:08]} 23. fxe5 {[%emt 0:00:54]} h4 {[%emt 0:06:52]} 24. exf6 {[%emt 0:00:23]} Qxg3+ {[%emt 0:00:04]} 25. Kh1 {[%emt 0:00:05]} Qxh3+ {[%emt 0:00:18]} 26. Kg1 {[%emt 0:00:04]} Qg3+ {[%emt 0:01:03]} 27. Kh1 {[%emt 0:00:06]} Qh3+ {[%emt 0:10:05]} 28. Kg1 {[%emt 0:00:46]} Qg3+ {[%emt 0:00:02]} 29. Kh1 {[%emt 0:00:04]} 1/2-1/2

[Event "XXXIX Benasque Open 2019"]
[Site "Benasque"]
[Date "2019.07.07"]
[Round "4.8"]
[White "Kharitonov, Alexandr"]
[Black "Roeder, Matthias"]
[Result "1-0"]
[WhiteElo "2540"]
[BlackElo "2380"]
[Annotator "ChessBase"]
[PlyCount "103"]
[EventDate "2019.07.04"]
[EventType "swiss"]
[EventCountry "ESP"]
[SourceTitle "playchess.com"]
[Source "ChessBase"]
[SourceQuality "1"]
[TimeControl "5400+30"]

1. d4 {[%emt 0:00:00]} d5 {[%emt 0:00:00]} 2. c4 {[%emt 0:00:00]} e6 {[%emt 0:00:00]} 3. Nc3 {[%emt 0:00:33]} Nf6 {[%emt 0:00:17]} 4. cxd5 {[%emt 0:00:51]} exd5 {[%emt 0:00:41]} 5. Bg5 {[%emt 0:00:10]} Be7 {[%emt 0:00:47]} 6. e3 {[%emt 0:00:23]} O-O {[%emt 0:01:20]} 7. Bd3 {[%emt 0:00:57]} Nbd7 {[%emt 0:08:32]} 8. Nf3 {[%emt 0:02:37]} Re8 {[%emt 0:00:45]} 9. Qc2 {[%emt 0:00:49]} Nf8 {[%emt 0:04:17]} 10. h3 {[%emt 0:01:43]} c6 {[%emt 0:05:32]} 11. Bf4 {[%emt 0:00:24]} Ng6 {[%emt 0:00:26]} 12. Bh2 {[%emt 0:00:30]} Bd6 {[%emt 0:00:27]} 13. Bxd6 {[%emt 0:00:20]} Qxd6 {[%emt 0:00:06]} 14. O-O-O {[%emt 0:00:19]} Bd7 {[%emt 0:16:44]} 15. g4 {[%emt 0:03:35]} Qe7 {[%emt 0:03:30]} 16. Nd2 {[%emt 0:06:45]} Rac8 {[%emt 0:03:30]} 17. g5 {[%emt 0:01:02]} Ne4 {[%emt 0:00:29]} 18. Ndxe4 {[%emt 0:07:57]} dxe4 {[%emt 0:00:10]} 19. Bxe4 {[%emt 0:01:09]} b5 {[%emt 0:02:54]} 20. Bf5 {[%emt 0:00:19]} Bxf5 {[%emt 0:02:43]} 21. Qxf5 {[%emt 0:00:11]} a6 {[%emt 0:03:12]} 22. Kb1 {[%emt 0:01:36]} Nf8 {[%emt 0:03:51]} 23. h4 {[%emt 0:01:15]} Nd7 {[%emt 0:03:18]} 24. h5 {[%emt 0:02:11]} Nb6 {[%emt 0:00:27]} 25. h6 {[%emt 0:06:18]} g6 {[%emt 0:00:47]} 26. Qc5 {[%emt 0:00:04]} Qb7 {[%emt 0:04:12]} 27. d5 {[%emt 0:09:22]} cxd5 {[%emt 0:00:17]} 28. Qd4 {[%emt 0:00:04]} f6 {[%emt 0:00:41]} 29. gxf6 {[%emt 0:00:43]} Kf7 {[%emt 0:01:51]} 30. Nxd5 {[%emt 0:01:01]} Nxd5 {[%emt 0:01:59]} 31. Qxd5+ {[%emt 0:00:04]} Qxd5 {[%emt 0:00:07]} 32. Rxd5 {[%emt 0:00:05]} Kxf6 {[%emt 0:00:28]} 33. Rd7 {[%emt 0:00:18]} Re7 {[%emt 0:00:45]} 34. Rhd1 {[%emt 0:01:27]} Rc7 {[%emt 0:00:55]} 35. R7d6+ {[%emt 0:04:31]} Kg5 {[%emt 0:04:22]} 36. Rh1 {[%emt 0:01:52]} Red7 {[%emt 0:00:07]} 37. Rxa6 {[%emt 0:01:20]} Rd2 {[%emt 0:04:08]} 38. f4+ {[%emt 0:01:20]} Kg4 {[%emt 0:01:29]} 39. Rb6 {[%emt 0:01:54]} Kf3 {[%emt 0:01:38]} 40. Rxb5 {[%emt 0:00:36]} Kxe3 {[%emt 0:00:07]} 41. Rb4 {[%emt 0:00:13]} Rf2 {[%emt 0:00:56]} 42. Rh3+ {[%emt 0:00:28]} Kd2 {[%emt 0:01:06]} 43. a4 {[%emt 0:00:19]} Rf7 {[%emt 0:00:54]} 44. a5 {[%emt 0:01:47]} R2xf4 {[%emt 0:00:34]} 45. Rxf4 {[%emt 0:00:04]} Rxf4 {[%emt 0:00:07]} 46. a6 {[%emt 0:00:08]} g5 {[%emt 0:01:06]} 47. a7 {[%emt 0:00:06]} Rf1+ {[%emt 0:00:38]} 48. Ka2 {[%emt 0:00:04]} Rf8 {[%emt 0:00:05]} 49. Ra3 {[%emt 0:00:08]} Ra8 {[%emt 0:00:09]} 50. b4 {[%emt 0:00:10]} g4 {[%emt 0:00:05]} 51. b5 {[%emt 0:00:07]} g3 {[%emt 0:00:08]} 52. b6 {[%emt 0:00:06]} 1-0

[Event "XXXIX Benasque Open 2019"]
[Site "Benasque"]
[Date "2019.07.07"]
[Round "4.9"]
[White "Gorbatov, Alexej"]
[Black "Rychagov, Andrey"]
[Result "0-1"]
[WhiteElo "2374"]
[BlackElo "2537"]
[Annotator "ChessBase"]
[PlyCount "68"]
[EventDate "2019.07.04"]
[EventType "swiss"]
[EventCountry "ESP"]
[SourceTitle "playchess.com"]
[Source "ChessBase"]
[SourceQuality "1"]
[TimeControl "5400+30"]

1. e4 c5 2. Nf3 e6 3. d4 cxd4 4. Nxd4 Nc6 {[%emt 0:01:13]} 5. Nb5 d6 {[%emt 0:00:31]} 6. c4 {[%emt 0:03:56]} Nf6 {[%emt 0:01:08]} 7. N1c3 {[%emt 0:01:32]} a6 {[%emt 0:01:16]} 8. Na3 {[%emt 0:00:52]} Be7 {[%emt 0:00:42]} 9. Be2 {[%emt 0:00:10]} O-O {[%emt 0:00:44]} 10. O-O {[%emt 0:00:12]} b6 {[%emt 0:01:28]} 11. Be3 {[%emt 0:00:09]} Bb7 {[%emt 0:05:24]} 12. f3 {[%emt 0:02:42]} Qc7 {[%emt 0:09:02]} 13. Rc1 {[%emt 0:02:57]} Ne5 {[%emt 0:01:50]} 14. b4 {[%emt 0:03:14]} Rac8 {[%emt 0:07:38]} 15. Qb3 {[%emt 0:05:37]} Rfe8 {[%emt 0:04:13]} 16. Rfd1 {[%emt 0:07:34]} Ng6 {[%emt 0:05:53]} 17. Na4 {[%emt 0:08:00]} Nd7 {[%emt 0:00:21]} 18. Rc2 {[%emt 0:01:10]} Qb8 {[%emt 0:10:38]} 19. Rcd2 {[%emt 0:02:44]} d5 {[%emt 0:07:54]} 20. cxd5 {[%emt 0:05:29]} exd5 {[%emt 0:00:31]} 21. g3 {[%emt 0:05:33]} b5 {[%emt 0:06:23]} 22. Nc3 {[%emt 0:01:53]} Nf6 {[%emt 0:06:34]} 23. Nxd5 {[%emt 0:01:20]} Bxd5 {[%emt 0:00:09]} 24. exd5 {[%emt 0:00:08]} Bxb4 {[%emt 0:02:54]} 25. Qxb4 {[%emt 0:03:49]} Rxe3 {[%emt 0:00:04]} 26. d6 {[%emt 0:02:49]} Rce8 {[%emt 0:02:34]} 27. Kf1 {[%emt 0:01:55]} Qc8 {[%emt 0:01:06]} 28. Kf2 {[%emt 0:18:59]} Qh3 {[%emt 0:00:43]} 29. Bf1 {[%emt 0:00:01]} Qxh2+ {[%emt 0:03:51]} 30. Bg2 {[%emt 0:00:01]} h5 {[%emt 0:02:18]} 31. Nc2 {[%emt 0:03:56]} R3e5 {[%emt 0:00:10]} 32. Kf1 {[%emt 0:03:25]} Qxg3 {[%emt 0:01:14]} 33. d7 {[%emt 0:00:48]} Nxd7 {[%emt 0:00:33]} 34. Rxd7 {[%emt 0:00:02]} Re2 {[%emt 0:00:13]} 0-1

[Event "XXXIX Benasque Open 2019"]
[Site "Benasque"]
[Date "2019.07.07"]
[Round "4.10"]
[White "Mingarro Carceller, Sergi"]
[Black "Dimitrov, Radoslav"]
[Result "1/2-1/2"]
[WhiteElo "2311"]
[BlackElo "2530"]
[Annotator "ChessBase"]
[PlyCount "130"]
[EventDate "2019.07.04"]
[EventType "swiss"]
[EventCountry "ESP"]
[SourceTitle "playchess.com"]
[Source "ChessBase"]
[SourceQuality "1"]
[TimeControl "5400+30"]

1. e4 {[%emt 0:00:00]} c6 {[%emt 0:00:00]} 2. d4 {[%emt 0:00:00]} d5 {[%emt 0:00:00]} 3. e5 {[%emt 0:00:00]} Bf5 {[%emt 0:00:00]} 4. h4 {[%emt 0:00:00]} h6 {[%emt 0:00:00]} 5. g4 {[%emt 0:00:31]} Bd7 {[%emt 0:00:00]} 6. Nc3 {[%emt 0:00:09]} Qc8 {[%emt 0:00:00]} 7. Bh3 {[%emt 0:06:20]} e6 {[%emt 0:00:21]} 8. Be3 {[%emt 0:01:41]} c5 {[%emt 0:00:28]} 9. dxc5 {[%emt 0:06:23]} Bxc5 {[%emt 0:01:25]} 10. Qd2 {[%emt 0:02:09]} Bb4 {[%emt 0:01:19]} 11. Nge2 {[%emt 0:04:01]} Nc6 {[%emt 0:10:34]} 12. f4 {[%emt 0:03:36]} h5 {[%emt 0:12:15]} 13. gxh5 {[%emt 0:07:32]} Na5 {[%emt 0:00:01]} 14. O-O-O {[%emt 0:04:44]} Nc4 {[%emt 0:00:38]} 15. Qd3 {[%emt 0:01:09]} Rxh5 {[%emt 0:05:56]} 16. Bd4 {[%emt 0:09:32]} Qc7 {[%emt 0:11:15]} 17. f5 {[%emt 0:06:50]} O-O-O {[%emt 0:26:22]} 18. Nf4 {[%emt 0:12:52]} Bxc3 {[%emt 0:19:10]} 19. Nxh5 {[%emt 0:04:50]} Bxd4 {[%emt 0:00:02]} 20. Qxd4 {[%emt 0:00:11]} Ne7 {[%emt 0:00:02]} 21. Nxg7 {[%emt 0:02:17]} exf5 {[%emt 0:02:21]} 22. Rhf1 {[%emt 0:03:43]} Nc6 {[%emt 0:00:28]} 23. Qc3 {[%emt 0:00:28]} N4xe5 {[%emt 0:00:43]} 24. Nxf5 {[%emt 0:04:49]} Be6 {[%emt 0:01:38]} 25. Nd4 {[%emt 0:01:14]} Nxd4 {[%emt 0:00:28]} 26. Rxd4 {[%emt 0:01:44]} Qxc3 {[%emt 0:00:03]} 27. Bxe6+ {[%emt 0:00:09]} fxe6 {[%emt 0:00:01]} 28. bxc3 {[%emt 0:00:07]} Rh8 {[%emt 0:00:11]} 29. Rdf4 {[%emt 0:04:11]} Kd7 {[%emt 0:00:03]} 30. Rg1 {[%emt 0:02:16]} Kd6 {[%emt 0:00:28]} 31. Rg7 {[%emt 0:00:36]} b6 {[%emt 0:01:21]} 32. Rxa7 {[%emt 0:01:50]} Ng6 {[%emt 0:00:02]} 33. Rb4 {[%emt 0:00:35]} Nxh4 {[%emt 0:00:02]} 34. Rxb6+ {[%emt 0:00:17]} Ke5 {[%emt 0:00:01]} 35. Re7 {[%emt 0:01:59]} Rh6 {[%emt 0:00:02]} 36. a4 {[%emt 0:00:36]} Nf5 {[%emt 0:00:02]} 37. Rc7 {[%emt 0:02:59]} Nd6 {[%emt 0:00:30]} 38. Kb1 {[%emt 0:02:20]} Nc4 {[%emt 0:00:27]} 39. Rb4 {[%emt 0:00:33]} Rh1+ {[%emt 0:01:08]} 40. Ka2 {[%emt 0:00:03]} Rc1 {[%emt 0:00:13]} 41. Rbxc4 {[%emt 0:01:21]} dxc4 {[%emt 0:00:03]} 42. Rxc4 {[%emt 0:00:53]} Kd5 {[%emt 0:03:36]} 43. Rc8 {[%emt 0:00:06]} e5 {[%emt 0:01:29]} 44. a5 {[%emt 0:00:19]} Rh1 {[%emt 0:00:16]} 45. Kb3 {[%emt 0:00:16]} Rb1+ {[%emt 0:00:21]} 46. Ka4 {[%emt 0:00:07]} e4 {[%emt 0:00:15]} 47. Re8 {[%emt 0:02:35]} Ra1+ {[%emt 0:00:17]} 48. Kb5 {[%emt 0:00:08]} Rb1+ {[%emt 0:00:02]} 49. Ka6 {[%emt 0:00:13]} Rb2 {[%emt 0:00:10]} 50. c4+ {[%emt 0:00:34]} Kd4 {[%emt 0:00:25]} 51. c3+ {[%emt 0:01:17]} Kd3 52. c5 {[%emt 0:00:10]} Rb3 {[%emt 0:00:29]} 53. c6 {[%emt 0:00:59]} Rxc3 {[%emt 0:00:07]} 54. Kb7 {[%emt 0:00:39]} Rb3+ {[%emt 0:00:13]} 55. Ka7 {[%emt 0:01:14]} Rc3 {[%emt 0:00:09]} 56. Rd8+ {[%emt 0:00:58]} Kc2 {[%emt 0:00:17]} 57. Kb7 {[%emt 0:00:27]} Rb3+ {[%emt 0:00:24]} 58. Kc8 {[%emt 0:00:31]} Ra3 {[%emt 0:02:03]} 59. Rd5 {[%emt 0:00:33]} e3 {[%emt 0:00:45]} 60. c7 {[%emt 0:00:11]} e2 {[%emt 0:00:36]} 61. Re5 {[%emt 0:00:39]} Kd2 {[%emt 0:00:13]} 62. Kb7 {[%emt 0:00:41]} Rb3+ {[%emt 0:00:10]} 63. Ka7 {[%emt 0:00:38]} Rc3 {[%emt 0:00:15]} 64. Kb7 {[%emt 0:00:14]} Rb3+ {[%emt 0:00:06]} 65. Ka7 {[%emt 0:00:48]} Rc3 {[%emt 0:00:09]} 1/2-1/2

[Event "XXXIX Benasque Open 2019"]
[Site "Benasque"]
[Date "2019.07.08"]
[Round "5.1"]
[White "Rychagov, Andrey"]
[Black "Indjic, Aleksandar"]
[Result "0-1"]
[WhiteElo "2537"]
[BlackElo "2604"]
[Annotator "RC"]
[PlyCount "126"]
[EventDate "2019.07.04"]
[EventType "swiss"]
[EventCountry "ESP"]
[SourceTitle "playchess.com"]
[Source "ChessBase"]
[SourceQuality "1"]
[TimeControl "5400+30"]

1. d4 {[%emt 0:00:23]} Nf6 {[%emt 0:04:17]} 2. c4 {[%emt 0:00:07]} e6 {[%emt 0:00:26]} 3. Nf3 {[%emt 0:00:22]} c5 {[%emt 0:00:25]} 4. d5 {[%emt 0:01:27]} d6 {[%emt 0:00:10]} 5. Nc3 {[%emt 0:00:14]} exd5 {[%emt 0:00:11]} 6. cxd5 {[%emt 0:00:04]} g6 {[%emt 0:00:09]} 7. h3 {[%emt 0:01:45]} a6 {[%emt 0:02:04]} 8. a4 {[%emt 0:02:05]} Qe7 {[%emt 0:00:09]} 9. Bf4 {[%emt 0:04:01]} Nbd7 {[%emt 0:04:54]} 10. e3 {[%emt 0:03:08]} Bg7 {[%emt 0:00:12]} 11. Bd3 {[%emt 0:13:08]} O-O {[%emt 0:04:35]} 12. O-O {[%emt 0:00:26]} Rb8 {[%emt 0:01:36]} 13. e4 {[%emt 0:07:06]} Ne8 {[%emt 0:00:39]} 14. Qd2 {[%emt 0:03:43]} Nc7 {[%emt 0:01:10]} 15. Rfe1 {[%emt 0:04:53]} f6 {[%emt 0:01:40]} 16. Rab1 {[%emt 0:06:06]} a5 {[%emt 0:18:53]} 17. Qc2 {[%emt 0:18:51]} Ne5 {[%emt 0:02:34]} 18. Nd2 {[%emt 0:00:46]} Na6 {[%emt 0:02:31]} 19. Na2 {[%emt 0:04:16]} Bd7 {[%emt 0:07:31]} 20. Bb5 {[%emt 0:02:48]} Nb4 {[%emt 0:17:03]} 21. Nxb4 {[%emt 0:00:11]} axb4 {[%emt 0:00:07]} 22. Bxd7 {[%emt 0:03:36]} Qxd7 {[%emt 0:03:00]} 23. Bxe5 {[%emt 0:00:29]} fxe5 {[%emt 0:00:06]} 24. Nc4 {[%emt 0:00:09]} Rf6 {[%emt 0:00:17]} 25. b3 {[%emt 0:02:15]} Rbf8 {[%emt 0:00:07]} 26. Re2 {[%emt 0:00:09]} h5 {[%emt 0:00:28]} 27. Rd1 {[%emt 0:04:03]} Bh6 {[%emt 0:01:26]} 28. Rd3 {[%emt 0:00:45]} Bg5 {[%emt 0:00:21]} 29. Qd1 {[%emt 0:03:54]} Kh7 {[%emt 0:01:48]} 30. Ra2 {[%emt 0:00:59]} Bh4 {[%emt 0:16:28]} 31. g3 {[%emt 0:01:49]} Bg5 {[%emt 0:00:05]} 32. h4 {[%emt 0:00:45]} Bh6 {[%emt 0:00:02]} 33. Kg2 {[%emt 0:03:25]} Qf7 {[%emt 0:00:44]} 34. Qe2 {[%emt 0:00:09]} g5 {[%emt 0:01:24]} 35. hxg5 {[%emt 0:04:04]} Bxg5 {[%emt 0:00:23]} 36. Ne3 {[%emt 0:00:49]} Bxe3 {[%emt 0:00:42]} 37. Rxe3 {[%emt 0:00:19]} Qg6 {[%emt 0:00:15]} 38. Qd1 {[%emt 0:00:51]} Rf4 {[%emt 0:00:42]} 39. Rae2 {[%emt 0:01:05]} h4 {[%emt 0:01:25]} 40. Qh1 {[%emt 0:00:24]} Kg7 {[%emt 0:00:06]} 41. Qh3 {[%emt 0:01:48]} Rg4 {[%emt 0:01:06]} 42. Re1 {[%emt 0:00:40]} Rff4 {[%emt 0:01:42]} 43. Kg1 {[%emt 0:00:59]} Kf7 {[%emt 0:04:06]} 44. Qg2 {[%emt 0:01:20]} Ke7 {[%emt 0:00:22]} 45. R1e2 {[%emt 0:00:09]} Kd8 {[%emt 0:00:30]} 46. Re1 {[%emt 0:00:26]} Kc7 {[%emt 0:00:06]} 47. R1e2 {[%emt 0:00:16]} Kb6 {[%emt 0:01:08]} 48. Re1 {[%emt 0:00:04]} Kc7 {[%emt 0:00:26]} 49. R1e2 {[%emt 0:00:04]} Rf8 {[%emt 0:01:27]} 50. Rd2 {[%emt 0:00:43]} Qg5 {[%emt 0:00:31]} 51. Rde2 {[%emt 0:01:01]} Rg8 {[%emt 0:00:36]} 52. Kh2 {[%emt 0:00:19]} Qh5 {[%emt 0:01:22]} 53. Kg1 {[%emt 0:00:52]} Kb6 {[%emt 0:00:06]} 54. Re1 {[%emt 0:00:31]} Qg5 {[%emt 0:00:26]} 55. Kh2 {[%emt 0:00:16]} Ka7 {[%emt 0:00:06]} 56. Qf3 {[%emt 0:01:06]} Rh8 {[%emt 0:00:44]} 57. Kg2 {[%emt 0:00:44]} Rf4 {[%emt 0:00:55]} 58. Qd1 {[%emt 0:00:46]} hxg3 {[%emt 0:00:27]} 59. fxg3 {[%emt 0:00:33]} Rfh4 {[%emt 0:00:06]} 60. Qf3 {[%emt 0:00:36]} Rh2+ {[%emt 0:00:11]} 61. Kg1 {[%emt 0:00:44]} Qh6 {[%emt 0:00:06]} 62. R3e2 {[%emt 0:00:28]} Rh1+ {[%emt 0:00:39]} 63. Kf2 {[%emt 0:00:04]} Rf8 {[%emt 0:00:24]} 0-1

[Event "XXXIX Benasque Open 2019"]
[Site "Benasque"]
[Date "2019.07.08"]
[Round "5.2"]
[White "Admiraal, Miguoel"]
[Black "Kharitonov, Alexandr"]
[Result "1/2-1/2"]
[WhiteElo "2504"]
[BlackElo "2540"]
[Annotator "ChessBase"]
[PlyCount "20"]
[EventDate "2019.07.04"]
[EventType "swiss"]
[EventCountry "ESP"]
[SourceTitle "playchess.com"]
[Source "ChessBase"]
[SourceQuality "1"]
[TimeControl "5400+30"]

1. e4 {[%emt 0:02:29]} c6 {[%emt 0:00:00]} 2. d4 {[%emt 0:00:31]} d5 {[%emt 0:00:00]} 3. e5 {[%emt 0:00:38]} Bf5 {[%emt 0:00:01]} 4. Nf3 {[%emt 0:00:31]} e6 {[%emt 0:00:11]} 5. Be2 {[%emt 0:00:20]} Nd7 {[%emt 0:02:49]} 6. O-O {[%emt 0:02:26]} Bg6 {[%emt 0:00:15]} 7. c3 {[%emt 0:00:33]} Nh6 {[%emt 0:00:38]} 8. Bxh6 {[%emt 0:08:31]} gxh6 {[%emt 0:00:58]} 9. Re1 {[%emt 0:02:57]} Bg7 {[%emt 0:00:54]} 10. Na3 {[%emt 0:00:05]} O-O {[%emt 0:01:28]} 1/2-1/2

[Event "XXXIX Benasque Open 2019"]
[Site "Benasque"]
[Date "2019.07.08"]
[Round "5.3"]
[White "Piorun, Kacper"]
[Black "Castellanos Rodriguez, Renier"]
[Result "1-0"]
[WhiteElo "2656"]
[BlackElo "2503"]
[Annotator "TA"]
[PlyCount "81"]
[EventDate "2019.07.04"]
[EventType "swiss"]
[EventCountry "ESP"]
[SourceTitle "playchess.com"]
[Source "ChessBase"]
[SourceQuality "1"]

{[%evp 18,81,36,36,38,42,42,33,39,39,19,20,30,27,34,29,43,16,34,37,72,54,68,31,34,29,29,33,39,28,85,72,85,84,112,121,216,150,348,348,342,347,323,333,333,263,348,0,304,0,350,364,355,349,481,481,606,591,772,735,793,792,1565,711,625,631]} 1. e4 c5 2. Nf3 d6 3. d4 cxd4 4. Nxd4 Nf6 5. Nc3 a6 6. Be2 e6 7. f4 Be7 8. Be3 Nc6 9. Qd2 O-O 10. O-O-O Nd7 {B84: Sicilian Scheveningen: 6 Be2 a6, lines without early Be3} (10... Qc7 11. g4 b5 12. g5 Nxd4 13. Qxd4 Nd7 14. Kb1 Rb8 15. a3 Qa5 16. Bd2 Qb6 17. Qxb6 Nxb6 18. Rhf1 Bd7 19. f5 Rfc8 {1-0 (51) Ponomariov,R (2694)-Alekseev,E (2616) Riadh 2017}) 11. g4 Nxd4 12. Qxd4 b5 {White is slightly better.} 13. g5 Qa5 14. a3 Rb8 $1 15. Bd2 {[#] And now Nd5 would win.} Qb6 $146 ({Predecessor:} 15... Qc7 16. f5 Ne5 17. f6 gxf6 18. gxf6 Bxf6 {½-½ (41) Lukovic,V (2396)-Ivic,V (2021) Belgrade 2014}) 16. Qxb6 Rxb6 17. f5 Rc6 18. Rhf1 Re8 19. h4 Ne5 20. h5 Nc4 21. Bxc4 Rxc4 22. f6 Bf8 23. Rf2 Rc7 (23... Bb7 $11 {keeps the balance.}) 24. Bf4 $16 e5 25. fxg7 Bxg7 26. Be3 $36 {[%mdl 2048] White is in control.} Re6 (26... Rc6 $16 {was called for.}) 27. h6 {Black must now prevent Nd5.} Bf8 $2 (27... Bh8 $16 28. Rfd2 Rc6) 28. Nd5 $18 Rb7 {[#]} 29. Nf6+ $1 Kh8 30. Rd3 Rc7 {Black hopes to continue with ...Bb7.} 31. Nd5 Rb7 32. Nf6 Rc7 $1 {and the idea ...Bb7 leaves Black hopeful.} 33. Nd5 Rb7 34. Rc3 Re8 35. Nc7 Rd8 36. Rxf7 {White is clearly winning.} d5 37. exd5 b4 38. axb4 Bxb4 39. Rc6 Bg4 40. d6 (40. g6 $142) 40... Bh5 41. Rf6 {Accuracy: White = 73%, Black = 48%.} 1-0

[Event "XXXIX Benasque Open 2019"]
[Site "Benasque"]
[Date "2019.07.08"]
[Round "5.4"]
[White "Jansa, Vlastimil"]
[Black "Hovhannisyan, Robert"]
[Result "1/2-1/2"]
[WhiteElo "2457"]
[BlackElo "2640"]
[Annotator "TA"]
[PlyCount "75"]
[EventDate "2019.07.04"]
[EventType "swiss"]
[EventCountry "ESP"]
[SourceTitle "playchess.com"]
[Source "ChessBase"]
[SourceQuality "1"]

{[%evp 12,75,23,20,32,29,36,19,26,35,34,31,28,21,21,19,26,12,12,12,8,11,4,0,17,7,14,16,9,19,17,14,10,8,24,23,18,12,22,22,102,12,11,9,17,17,16,8,8,8,13,0,0,0,8,0,0,0,0,0,0,0,0,0,28,37]} 1. e4 e5 2. Nf3 Nc6 3. Bb5 Nf6 4. O-O Nxe4 5. Re1 Nd6 6. Nxe5 Be7 7. Bf1 Nf5 {C67: Ruy Lopez: Berlin Defence: 4 0-0 Nxe4} 8. Nf3 O-O 9. d4 d5 {The position is equal.} 10. c3 Bd6 $146 ({Predecessor:} 10... Re8 11. Bd3 {0-1 (33) Inarkiev,E (2709)-Leko,P (2693) Doha 2016}) 11. Bd3 Re8 12. Rxe8+ Qxe8 13. Nbd2 Bd7 14. Nf1 f6 15. Qb3 Nce7 16. a4 b6 17. Ng3 Nxg3 18. hxg3 a5 19. Bf4 Bxf4 20. gxf4 Qf7 21. Re1 {[#] Black must now prevent Rxe7!} Re8 22. Bb5 Bxb5 23. Qxb5 Rd8 24. b4 axb4 25. cxb4 Ng6 {[#]} (25... Nf5 $11 {keeps the balance.}) 26. g3 (26. a5 $1 $16) 26... Qd7 $11 27. Qxd7 Rxd7 {[%mdl 4096] Endgame KRN-KRN} 28. a5 {Hoping for a6.} Ne7 29. axb6 cxb6 30. Re6 Rb7 31. Kg2 Kf7 32. Rd6 h5 33. b5 Nf5 34. Rxd5 Ke6 35. Rd8 Nd6 36. Nd2 Nxb5 37. Nc4 Ke7 38. Rd5 {[%mdl 64] Double Attack. Accuracy: White = 68%, Black = 71%.} 1/2-1/2